00000000nam 2200000zi 4500
0019.949591
003CaOODSP
00520250818103735
006m     o  d f      
007cr mn|||||||||
008250327e20250218quc     o    f000 0 eng d
020 |a9780660766973
040 |aCaOODSP|beng|erda|cCaOODSP
0410 |aeng|beng|bfre
043 |an-cn---
0861 |aCH4-211/2025E-PDF
24500|aStudy on the sport experiences of Official Language Minority Communities (OLMCs) : |bfinal report / |cprepared for Sport Canada.
24617|aFull methodological report : |bstudy on the sport experiences of Official Language Minority Communities (OLMCs)
264 1|aGatineau, Quebec : |bCanadian Heritage = Patrimoine canadien, |c2025-02-18.
264 4|c©2025
300 |a1 online resource (38 unnumbered pages)
336 |atext|btxt|2rdacontent
337 |acomputer|bc|2rdamedia
338 |aonline resource|bcr|2rdacarrier
500 |aCover title.
500 |a"Contract Number C1111-24-0342/CW2383439."
500 |a"Supplier name Vox Pop Labs Inc."
500 |a"POR # 077-24."
500 |aIssued also in French under title: Les expériences sportives des communautés de langue officielle en situation minoritaire (CLOSM).
520 |a"The specific objectives of this study were: to provide timely, pertinent data, which will contribute to Sport Canada's understanding of Official Language Minority Communities (OLMC) perceptions of sport; and to provide data that will permit a better understanding of Canadians on broader official languages policy issues and funding decision-making"--Executive summary, page [5].
546 |aIncludes questionnaire in English and French.
650 0|aLanguage policy|zCanada|xPublic opinion.
650 0|aMinorities in sports|zCanada|xPublic opinion.
650 0|aLinguistic minorities|zCanada|xAttitudes.
650 0|aPublic opinion|zCanada.
7102 |aSport Canada, |eissuing body.
7102 |aVox Pop Labs Inc., |econsultant.
77508|tLes expériences sportives des communautés de langue officielle en situation minoritaire (CLOSM) : |w(CaOODSP)9.949592
85640|qPDF|s628 KB|uhttps://publications.gc.ca/collections/collection_2025/pch/CH4-211-2025-eng.pdf|zFinal report
8564 |qHTML|sN/A|uhttps://epe.bac-lac.gc.ca/100/200/301/pwgsc-tpsgc/por-ef/canadian_heritage/2025/077-24-e/077-24-report.html|zFinal report
8564 |qHTML|sN/A|uhttps://epe.bac-lac.gc.ca/100/200/301/pwgsc-tpsgc/por-ef/canadian_heritage/2025/077-24-e/index.html|zComplete data set